000 00575nam a22001937a 4500
005 20241203155016.0
010 _aENG-142795
020 _a9789355328595
_c1095.00
035 _aEN-126327
037 _bDBAD
082 _a535
_28
100 _aGhatak, Ajoy
_974603
245 _aOptics/
_cby Ajoy Ghatak
250 _a8
260 _aChennai
_bMcGraw Hill Education Private Ltd
_c2024
270 _aAnjana Complex No. 5/90 A, Butt Road, St Thomas Mount
_bChennai
_e600016
300 _axxxiv,556,i.4p.
_c28cm(pb)
_bIndex
942 _2ddc
_cEN
_mGHA
_h535
_e8
999 _c207373
_d207373